000 00617nam a2200205 a 4500
001 000033251
003 DO-SdBNP
005 20220809141129.0
007 ta
008 110823s1947 dr 000 0 spa d
040 _aDO-SdBNP
_bspa
_cBNPHU
082 _axxx
_bC794d
100 _aCordero, Armando
_936629
245 1 3 _aLa dominicanidad en proyección vertical hacia el pináculo de la grandeza humana /
_cArmando Cordero.
260 _aSantiago, República Dominicana :
_bLa Información,
_c1947.
300 _a29 p. . :
_c21 cm.
590 _aInventariado, 2022/ YL
910 _aYLockward
942 _2ddc
_cLBS1
999 _c32742
_d32742